| LEADER | 00639nam a2200169 4500 | ||
|---|---|---|---|
| 082 | |a 895.9223 |b TH102K | ||
| 100 | |a Thạch Kỳ Sơn | ||
| 245 | |a Lời nguyền trong bão tuyết |b Truyện đọc lúc không giờ |c Thạch Kỳ Sơn | ||
| 260 | |a Thanh Hóa |b NxbThanh Hóa |c 2010 | ||
| 300 | |a 143 tr. |c 21 cm | ||
| 520 | |a v....v | ||
| 653 | |a Văn học | ||
| 653 | |a Việt Nam | ||
| 653 | |a Truyện ma | ||
| 942 | |2 ddc |c SH | ||
| 999 | |c 5597 |d 5597 | ||
| 952 | |0 0 |1 0 |2 ddc |4 0 |6 895_922300000000000_TH102K |7 0 |8 800 |9 51700 |a qbu |b qbu |c D5 |d 2014-12-26 |g 25000 |l 3 |o 895.9223 TH102K |p 3389.C1 |r 2017-12-27 |s 2017-12-14 |w 2014-12-26 |y SH |0 0 |6 895_922300000000000_TH102K | ||